Mathematical methods in the theory of queuing
Αποθηκεύτηκε σε:
| Κύριος συγγραφέας: | |
|---|---|
| Μορφή: | Βιβλίο |
| Γλώσσα: | English Russian |
| Δημοσίευση: |
Mineola, N.Y. :
Dover Publications Inc.,
2013.
|
| Θέματα: | |
| Ετικέτες: |
Προσθήκη ετικέτας
Δεν υπάρχουν, Καταχωρήστε ετικέτα πρώτοι!
|
MARC
| LEADER | 00000nam a2200000 a 4500 | ||
|---|---|---|---|
| 001 | 1/112402 | ||
| 008 | 161129r20131960nyu| ||| |||| ||eng|| | ||
| 020 | |a 9780486490960 | ||
| 020 | |a 0489490963 | ||
| 040 | |a GR-MyUa |b gre |c GR-MyUa |e AACR2 | ||
| 041 | 1 | |a eng |h rus | |
| 082 | 7 | |a 519.82 |2 (23) | |
| 100 | 1 | |a Khinchin, Aleksandr Iakovlevich |d 1894-1959. | |
| 245 | 1 | 0 | |a Mathematical methods in the theory of queuing / |c by A. Khinchin. |
| 260 | |a Mineola, N.Y. : |b Dover Publications Inc., |c 2013. | ||
| 300 | |a 120 σ. ; |c 22 εκ. | ||
| 500 | |a This translation originally published: New York: Hafner, 1960. | ||
| 504 | |a Βιβλιογραφία: σ. 120. | ||
| 650 | 0 | |a Queuing theory. | |
| 852 | |a INST |b SAMOS |e 20161129 |h 519.82 KHI |p 005300043991 |q 005300043991 |t BK |y 0 | ||
| 922 | |a 3ΕΛΗ |b 201610 |c Τμήμα Μαθηματικών/Μεταπτυχιακό |d Bookpath | ||
| 970 | |a Κοσιέρης |b Χρήστος |z 29-11-2016 | ||